000 00368 a2200157 4500
001 154716
040 _cEscola São Tomás de Aquino
100 _aKOK, Glória Porto
240 1 0 _aA escravidão no Brasil colonial
_lpor
245 1 0 _aA escravidão no Brasil colonial
300 _a42
362 0 _a1999
440 1 _aSaraiva
697 _aHISTÓRIA
942 _cBK
999 _c154716
_d154716